Представление документа в формате MARC21

Поле Инд. ПП Название Значение
Тип записи a
Библиографический уровень m
001 Контрольный номер 004622905
005 Дата корректировки 20151229122139.5
008 Кодируемые данные 100330s2010 y zzzz 000 1 rusdu
020 a ISBN 978-5-9912-0082-0
040 d Организация, изменившая запись RuMo
e Правила каталог. rcr
a Служба первич. каталог. НБ ТвГУ
041 0_ a Код языка текста rus
080 a Индекс УДК 004.032.26
084 a Индекс другой классификации/Индекс ББК З818
090 a Полочн. индекс З818
x Авторский знак Г 16
100 1_ a Автор Галушкин Александр Иванович
q Полное имя Галушкин А. И.
245 0_ a Заглавие Нейронные сети: основы теории
260 a Место издания Москва
b Издательство Горячая линия - Телеком
c Дата издания 2010
300 a Объем 496 с.
b Иллюстрации/ тип воспроизводства ил., табл.
c Размеры 22 см
504 a Библиография Библиогр.: с. 469-488 (283 назв.) и в конце гл.
520 0_ a Аннотация Изложена методика синтеза многослойных нейросетей различной структуры: с полными и неполными последовательными связями, перекрестными и обратными связями, функционирующими в режимах обучения, самообучения, обучения с учителями, обладающими конечной квалификацией. Приведены этапы исследования надежности и диагностики нейронных сетей. Представлены основные постановки задач перспективных исследований в области теории нейронных сетей. Для научных работников, аспирантов и студентов, занимающихся разработкой и применением сверхвысокопроизводительной вычислительной техники.
653 0_ a Ключевые слова Кибернетика
a Ключевые слова Нейронные сети
a Ключевые слова Радиоэлектроника
a Ключевые слова Теория нейронных сетей
901 t Тип документа m
920 a Оператор Стру
952 c Вид литературы К рн
954 a Дата поступления на обработку 20110624